00234nam a2200097Ia 4500008004100000100002400041245002500065260002200090942000700112999001700119190216s9999||||xx |||||||||||||| ||und|| aKrishan Warrier N V 0aBharathiya Paithrkam bKerala Basha Inst cBK c37762d37762